LIBRARY & INFORMATION CENTRE, KCAET, TAVANUR

ONLINE PUBLIC ACCESS CATALOGUE (OPAC)

Methods of test for concrete pipes,IS: 3597-1985 / (Record no. 4169)

MARC details
000 -LEADER
fixed length control field 00905cam a2200157ua 4500
041 ## - LANGUAGE CODE
Language code of text/sound track or separate title eng
082 ## - DEWEY DECIMAL CLASSIFICATION NUMBER
Classification number 621.643
Item number IND/ME
245 ## - TITLE STATEMENT
Title Methods of test for concrete pipes,IS: 3597-1985 /
250 ## - EDITION STATEMENT
Edition statement 1 /
260 ## - PUBLICATION, DISTRIBUTION, ETC. (IMPRINT)
Place of publication :
Name of publisher ISI ,
Year of publication 1985.
300 ## - PHYSICAL DESCRIPTION
Number of Pages 12 ; .
942 ## - ADDED ENTRY ELEMENTS (KOHA)
Koha item type Books
Holdings
Withdrawn status Lost status Damaged status Home library Current library Date acquired Full call number Accession Number Koha item type
      KAUAET   07/04/2012 621.643 17332 Books
free website counter